| 000 | 01237nac a22003977a 4500 | ||
|---|---|---|---|
| 001 | BR0700300 | ||
| 003 | BR-BrBNA | ||
| 005 | 20240105123338.0 | ||
| 008 | 230509b bl.|||m| |||| 00| 0 por d | ||
| 040 |
_aBR-BrBNA _bpor _cBiblioteca Nacional de Agricultura |
||
| 072 | _aF02; H20 | ||
| 090 | _a1123 BR0700300 | ||
| 100 | 1 | _aJunqueira, N.T.V. | |
| 100 | 1 | _aLage, D.A. da C. | |
| 100 | 1 | _aBraga, M.F. | |
| 100 | 1 | _aPeixoto, J.R. | |
| 100 | 1 | _aBorges, T.A. | |
| 100 | 1 | _aAndrade, S.R.M. de | |
| 100 | 1 | _aAlencar, C.M. | |
| 110 | 1 | _aEMBRAPA Cerrados, Planaltina, DF (Brasil) | |
| 245 | 1 | _aEfeito de métodos de propagação no desenvolvimento de doenças e na produtividade de um clone de maracujazeiro-azedo | |
| 260 | 3 |
_aPlanaltina, DF (Brasil): _c2004. |
|
| 300 | _a16 p. | ||
| 490 |
_aBoletim de Pesquisa - EMBRAPA Cerrados (Brazil) _vno. 139 _xISSN 1676-918X |
||
| 500 | _aSummaries (En, Pt); 14 ref. | ||
| 650 | _aMARACUJA | ||
| 650 | _aCLONE | ||
| 650 | _aDOENÇA DE PLANTA | ||
| 650 | _aPATÓGENO | ||
| 650 | _aFUNGO | ||
| 650 | _aVARIEDADE RESISTENTE | ||
| 650 | _aPROPAGAÇÃO VEGETATIVA | ||
| 650 | _aPRODUTIVIDADE | ||
| 909 |
_a202312 _bLúcia Elande _c55 _dLúcia Elande |
||
| 942 |
_2AGRIS _n0 _cMS |
||
| 999 |
_c295048 _d295048 |
||